Carlos Casado del Alisal : (Record no. 529)
[ view plain ]
| 000 -LEADER | |
|---|---|
| campo de control de longitud fija | 00795nam#a22002775a#4500 |
| 001 - NÚMERO DE CONTROL | |
| campo de control | 529 |
| 008 - DATOS DE LONGITUD FIJA--INFORMACIÓN GENERAL | |
| campo de control de longitud fija | 070209s1969####xx############000#0#und#d |
| 080 ## - NÚMERO DE LA CLASIFICACIÓN DECIMAL UNIVERSAL | |
| Número de la Clasificación Decimal Universal | 926(Carlos Casado) |
| 084 ## - OTRO NÚMERO DE CLASIFICACIÓN | |
| Número de clasificación | T74 |
| 040 ## - FUENTE DE CATALOGACIÓN | |
| Centro catalogador/agencia de origen | AR-ClEAG |
| Centro/agencia transcriptor | AR-ClEAG |
| 005 - FECHA Y HORA DE LA ÚLTIMA TRANSACCIÓN | |
| campo de control | 20241107184638.0 |
| 003 - IDENTIFICADOR DE NÚMERO DE CONTROL | |
| campo de control | AR-ClEAG |
| 100 1# - ENTRADA PRINCIPAL--NOMBRE DE PERSONA | |
| Nombre de persona | Tosticarelli, Santos F. |
| 245 10 - MENCIÓN DEL TÍTULO | |
| Título | Carlos Casado del Alisal : |
| Resto del título | Reseña sobre su vida y su obra / |
| Mención de responsabilidad, etc. | Santos F. Tosticarelli. |
| 250 ## - MENCION DE EDICION | |
| Mención de edición | 1ª ed. |
| 260 ## - PUBLICACIÓN, DISTRIBUCIÓN, ETC. | |
| Lugar de publicación, distribución, etc. | Casilda : |
| Nombre del editor, distribuidor, etc. | Comisión ejecutiva Pro Monumento a Carlos Casado del Alisal, |
| Fecha de publicación, distribución, etc. | 1969. |
| 300 ## - DESCRIPCIÓN FÍSICA | |
| Extensión | 10 p. : |
| Otras características físicas | fot. ; |
| Dimensiones | 22 cm. |
| 490 0# - MENCIÓN DE SERIE | |
| Mención de serie | Bibliografía |
| 653 ## - TÉRMINO DE INDIZACIÓN--NO CONTROLADO | |
| Término no controlado | Procedencia |
| 653 ## - TÉRMINO DE INDIZACIÓN--NO CONTROLADO | |
| Término no controlado | Marino |
| 653 ## - TÉRMINO DE INDIZACIÓN--NO CONTROLADO | |
| Término no controlado | Inmigración |
| 653 ## - TÉRMINO DE INDIZACIÓN--NO CONTROLADO | |
| Término no controlado | Ferrocarril Argentino |
| 653 ## - TÉRMINO DE INDIZACIÓN--NO CONTROLADO | |
| Término no controlado | Fundación Candelaria |
| 653 ## - TÉRMINO DE INDIZACIÓN--NO CONTROLADO | |
| Término no controlado | Biogarfía |
| 942 ## - ELEMENTOS DE ENTRADA SECUNDARIOS (KOHA) | |
| Tipo de ítem Koha | Libros |
| 980 ## - EQUIVALENCIA O REFERENCIA-CRUZADA-MENCIÓN DE SERIE--NOMBRE DE PERSONA/TÍTULO [LOCAL, CANADÁ] | |
| Enlace | 2 |
| Nombre de persona | Evangelina Gallicchio |
| Enlace entre campo y número de secuencia | 2 |
| Información miscelánea | Evangelina Gallicchio |
| Estatus retirado | Estado de pérdida | Fuente del sistema de clasificación o colocación | Estado de daño | No para préstamo | Biblioteca de origen | Biblioteca actual | Ubicación en estantería | Fecha de adquisición | Número de inventario | Total de préstamos | Signatura topográfica completa | Código de barras | Visto por última vez | Precio de reemplazo | Tipo de ítem Koha |
|---|---|---|---|---|---|---|---|---|---|---|---|---|---|---|---|
| Clasificación decimal universal | Julio Cortázar | Julio Cortázar | 07/11/2024 | 306 | R06 929(Carlos Casado) T74 1 Ej.1 | 306 | 07/11/2024 | 07/11/2024 | Libros | ||||||
| Clasificación decimal universal | Julio Cortázar | Julio Cortázar | 07/11/2024 | 2078 | R06 926(Carlos Casado) T74 2 Ej.2 | 2078 | 07/11/2024 | 07/11/2024 | Libros | ||||||
| Clasificación decimal universal | Julio Cortázar | Julio Cortázar | 07/11/2024 | 2079 | R6 926(Carlos Casado) T74 3 Ej.3 | 2079 | 07/11/2024 | 07/11/2024 | Libros |